UBT Library

PEOPLES AND CULTURES OF THE CARIBBEAN (Record no. 15235)

000 -LEADER
fixed length control field 00284nam a22001217a 4500
008 - FIXED-LENGTH DATA ELEMENTS--GENERAL INFORMATION
fixed length control field 170601b xxu||||| |||| 00| 0 eng d
041 ## - LANGUAGE CODE
Language code of text/sound track or separate title eng
080 ## - UNIVERSAL DECIMAL CLASSIFICATION NUMBER
Edition identifier 1st
Universal Decimal Classification number 94
100 ## - Rafti
Rafti 17
101 ## - Shkurtesa
Shkurtesa SHH
245 ## - TITLE STATEMENT
Title PEOPLES AND CULTURES OF THE CARIBBEAN
Statement of responsibility, etc HOROWITZ,M.M
942 ## - ADDED ENTRY ELEMENTS (KOHA)
Source of classification or shelving scheme
Item type Books
Holdings
Withdrawn status Lost status Source of classification or shelving scheme Damaged status Not for loan Collection code Permanent location Current location Shelving location Date acquired Total Checkouts Full call number Barcode Date last seen Price effective from Koha item type
          Koleksioni i përgjithshem UBT - Lipjan UBT - Lipjan Koleksioni i përgjithshem 06/01/2017   94 HOR 002-287452 06/01/2017 06/01/2017 Books
UBT Library © 2015-2024. All rights reserved University Education for Business and Technology